Zahraniční obchod se zemědělskými a potravinářskými výrobky.

Česko-slovenský APK bude koncipovaný ako otvorené odvetvie. Základné faktory ovplyvňujúce agrárny zahraničný obchod. Ochrana čs. agrárneho trhu. Možnosti a predpoklady agrárneho zahraničného obchodu. Vzťah čs. agrárnej politiky k agrárnej politike ES.

Salvato in:
Dettagli Bibliografici
Autore principale: Vološin, Josef
Natura: Capitolo di libro
Lingua:ceco
Soggetti:
Tags: Aggiungi Tag
Nessun Tag, puoi essere il primo ad aggiungerne!!

MARC

LEADER 00000naa a2200000 4500
001 r009753
005 20220831083355.9
041 0 |a cze 
044 |a [CS] 
245 1 0 |a Zahraniční obchod se zemědělskými a potravinářskými výrobky.  |c J. Vološin 
520 |a Česko-slovenský APK bude koncipovaný ako otvorené odvetvie. Základné faktory ovplyvňujúce agrárny zahraničný obchod. Ochrana čs. agrárneho trhu. Možnosti a predpoklady agrárneho zahraničného obchodu. Vzťah čs. agrárnej politiky k agrárnej politike ES. 
610 2 0 |a komplex poľnohospodársko-potravinársky 
610 2 0 |a ČSFR 
610 2 0 |a obchod zahraničný 
610 2 0 |a politika poľnohospodárska 
610 2 0 |a trh 
610 2 0 |a výrobky poľnohospodárske 
610 2 0 |a potraviny 
610 2 0 |a Európske spoločenstvá 
100 1 |a Vološin, Josef